[Event "Manchester March GM Norm"]
[Site "Manchester, NH"]
[Date "2016.03.02"]
[Round "1"]
[White "Jha, Sriram"]
[Black "Friedel, Josh"]
[Result "1/2-1/2"]
[WhiteElo "2430"]
[BlackElo "2519"]
[PlyCount "63"]
[EventDate "2016.03.02"]
[EventType "tourn"]
[EventRounds "10"]
[EventCountry "USA"]
[Source "ChessCafe"]
[SourceDate "2015.04.21"]
[WhiteClock "0:08:27"]
[BlackClock "0:37:57"]

1. d4 Nf6 2. c4 e6 3. Nf3 b6 4. g3 Bb7 5. Bg2 Be7 6. O-O O-O 7. Nc3 Ne4 8. Bd2
Bf6 9. Rc1 d6 10. d5 Nxd2 11. Nxd2 e5 12. b4 a5 13. a3 Bg5 14. c5 axb4 15. axb4
bxc5 16. bxc5 Na6 17. cxd6 cxd6 18. Rb1 Bxd2 19. Qxd2 Bc8 20. Ra1 Bd7 21. Ne4
Bf5 22. Qd3 Bxe4 23. Bxe4 Nc5 24. Rxa8 Qxa8 25. Bxh7+ Kh8 26. Qf5 g6 27. Bxg6
fxg6 28. Qxg6 Qxd5 29. Qh6+ Kg8 30. Qg6+ Kh8 31. Qh6+ Kg8 32. Qg6+ 1/2-1/2

[Event "Manchester March GM Norm"]
[Site "Manchester, NH"]
[Date "2016.03.02"]
[Round "1"]
[White "Lenderman, Aleksandr"]
[Black "Perelshteyn, Eugene"]
[Result "1/2-1/2"]
[WhiteElo "2623"]
[BlackElo "2524"]
[PlyCount "117"]
[EventDate "2016.03.02"]
[EventType "tourn"]
[EventRounds "10"]
[EventCountry "USA"]
[Source "ChessCafe"]
[SourceDate "2015.04.21"]
[WhiteClock "0:19:06"]
[BlackClock "0:02:06"]

1. d4 Nf6 2. c4 g6 3. Nc3 d5 4. Bg5 Bg7 5. Nf3 Ne4 6. Bf4 Nxc3 7. bxc3 dxc4 8.
e3 c5 9. Bxc4 cxd4 10. cxd4 Qa5+ 11. Qd2 Nc6 12. Rb1 O-O 13. Qxa5 Nxa5 14. Bd5
e6 15. Be4 f5 16. Bd3 b6 17. Bd6 Rd8 18. Bc7 Rd7 19. Rc1 Bb7 20. Ke2 Rc8 21.
Bg3 Rdd8 22. Bb5 Rxc1 23. Rxc1 Rc8 24. Rxc8+ Bxc8 25. Bc7 Bb7 26. Ne5 Bd5 27.
a4 Bxe5 28. Bxe5 Bc4+ 29. Kd1 Kf7 30. Bd6 Bxb5 31. axb5 Ke8 32. Kc2 Kd7 33. Bb4
Nb7 34. Kd3 Nd8 35. e4 Nf7 36. e5 g5 37. Bd2 g4 38. Ke3 Nh8 39. Kf4 h6 40. Kg3
Ng6 41. Bxh6 Ne7 42. Kf4 Ke8 43. Ke3 Nd5+ 44. Kd3 Kf7 45. Bd2 Kg6 46. Kc4 Kf7
47. Bb4 Nf4 48. g3 Nd5 49. Bd6 Ke8 50. Kd3 Kd7 51. Kd2 Kd8 52. Kc2 Kd7 53. Kd3
Kd8 54. Kc4 Kd7 55. Bb4 Ke8 56. Ba3 Kd7 57. Bc1 Ke7 58. Bd2 Kf7 59. Bc1 1/2-1/2

[Event "Manchester March GM Norm"]
[Site "Manchester, NH"]
[Date "2016.03.03"]
[Round "2"]
[White "Perelshteyn, Eugene"]
[Black "Jha, Sriram"]
[Result "1/2-1/2"]
[WhiteElo "2524"]
[BlackElo "2430"]
[PlyCount "81"]
[EventDate "2016.03.02"]
[EventType "tourn"]
[EventRounds "10"]
[EventCountry "USA"]
[Source "ChessCafe"]
[SourceDate "2015.04.21"]
[WhiteClock "0:03:25"]
[BlackClock "0:03:06"]

1. e4 c5 2. Nf3 e6 3. d4 cxd4 4. Nxd4 Nf6 5. Nc3 Nc6 6. Ndb5 d6 7. Bf4 e5 8.
Bg5 a6 9. Na3 Be6 10. Nc4 Rc8 11. Nd5 Bxd5 12. Bxf6 gxf6 13. Qxd5 Nd4 14. Bd3
Qe7 15. b4 Qe6 16. O-O Rg8 17. Qxe6+ fxe6 18. a4 Ke7 19. a5 Rxc4 20. Bxc4 Nf3+
21. Kh1 Nd2 22. Bd3 Nxf1 23. Rxf1 Bh6 24. Rd1 Rc8 25. c4 f5 26. exf5 exf5 27.
g3 e4 28. Be2 Bg7 29. Rd5 Ke6 30. Kg2 Bc3 31. f3 exf3+ 32. Kxf3 Bxb4 33. Bd3
Rf8 34. Bb1 Bc3 35. Ba2 Ke7 36. c5 Bb4 37. cxd6+ Bxd6 38. Bb1 Ke6 39. Ba2 Ke7
40. Bb1 Ke6 41. Ba2 1/2-1/2

[Event "Manchester March GM Norm"]
[Site "Manchester, NH"]
[Date "2016.03.03"]
[Round "2"]
[White "Shmelov, Denys"]
[Black "Friedel, Josh"]
[Result "0-1"]
[WhiteElo "2412"]
[BlackElo "2519"]
[PlyCount "72"]
[EventDate "2016.03.02"]
[EventType "tourn"]
[EventRounds "10"]
[EventCountry "USA"]
[Source "ChessCafe"]
[SourceDate "2015.04.21"]
[WhiteClock "0:01:54"]
[BlackClock "0:04:06"]

1. d4 Nf6 2. c4 e6 3. Nc3 Bb4 4. Qc2 O-O 5. e4 d5 6. e5 Ne4 7. Bd3 c5 8. Nf3
cxd4 9. Nxd4 Nd7 10. Bf4 Qb6 11. Nb3 Qc7 12. Bxe4 dxe4 13. a3 Bxc3+ 14. Qxc3 f6
15. h4 b6 16. O-O fxe5 17. Bg3 Bb7 18. Rfe1 Rf5 19. Nd2 Nc5 20. b4 Nd3 21. Re3
Nf4 22. Nxe4 Rd8 23. Qc2 Rd4 24. Rc1 Qd8 25. c5 bxc5 26. bxc5 Bc6 27. Nd6 Rf8
28. f3 Qf6 29. Rce1 Qh6 30. Nc4 Rfd8 31. Nd6 Ng6 32. Bxe5 Nxe5 33. Rxe5 Rxh4
34. Kf2 Rf8 35. R1e3 Bxf3 36. Nf5 Bg4 0-1

[Event "Manchester March GM Norm"]
[Site "Manchester, NH"]
[Date "2016.03.03"]
[Round "3"]
[White "Friedel, Josh"]
[Black "Perelshteyn, Eugene"]
[Result "1/2-1/2"]
[WhiteElo "2519"]
[BlackElo "2524"]
[PlyCount "51"]
[EventDate "2016.03.02"]
[EventType "tourn"]
[EventRounds "10"]
[EventCountry "USA"]
[Source "ChessCafe"]
[SourceDate "2015.04.21"]
[WhiteClock "0:17:44"]
[BlackClock "0:20:03"]

1. c4 c5 2. g3 g6 3. Bg2 Bg7 4. Nc3 Nc6 5. a3 d6 6. Rb1 a5 7. e3 e5 8. Nge2
Nge7 9. O-O h5 10. Nd5 h4 11. Nec3 Nxd5 12. Nxd5 h3 13. Bh1 O-O 14. b4 axb4 15.
axb4 cxb4 16. Nxb4 Be6 17. Nd5 Ra7 18. Rb5 Ne7 19. Qb3 Nxd5 20. Bxd5 Bxd5 21.
Rxd5 e4 22. Bb2 Bxb2 23. Qxb2 Qc8 24. Qf6 Qxc4 25. Rh5 gxh5 26. Qg5+ 1/2-1/2

[Event "Manchester March GM Norm"]
[Site "Manchester, NH"]
[Date "2016.03.03"]
[Round "3"]
[White "Lenderman, Aleksandr"]
[Black "Shmelov, Denys"]
[Result "1-0"]
[WhiteElo "2623"]
[BlackElo "2412"]
[PlyCount "61"]
[EventDate "2016.03.02"]
[EventType "tourn"]
[EventRounds "10"]
[EventCountry "USA"]
[Source "ChessCafe"]
[SourceDate "2015.04.21"]
[WhiteClock "0:08:54"]
[BlackClock "0:03:41"]

1. c4 Nf6 2. d4 g6 3. Nc3 d5 4. Bf4 Bg7 5. e3 c5 6. dxc5 Qa5 7. Rc1 Ne4 8. cxd5
Nd7 9. Nge2 Ndxc5 10. f3 Nxc3 11. Nxc3 O-O 12. Qd2 Rd8 13. e4 e6 14. Nb5 Qxd2+
15. Kxd2 Na6 16. d6 Bxb2 17. Rb1 Bg7 18. e5 f6 19. exf6 Bxf6 20. Bc4 Nc5 21.
Be3 Na6 22. Ke2 Kg7 23. Nxa7 Rxd6 24. Nxc8 Rxc8 25. Rxb7+ Kh8 26. Bb3 Nb8 27.
Rc1 Rdc6 28. Rxc6 Nxc6 29. Bxe6 Re8 30. Bd7 Na5 31. Bxe8 1-0

[Event "Manchester March GM Norm"]
[Site "Manchester, NH"]
[Date "2016.03.04"]
[Round "4"]
[White "Jha, Sriram"]
[Black "Shmelov, Denys"]
[Result "1/2-1/2"]
[WhiteElo "2430"]
[BlackElo "2412"]
[PlyCount "60"]
[EventDate "2016.03.02"]
[EventType "tourn"]
[EventRounds "10"]
[EventCountry "USA"]
[EventCategory "10"]
[Source "ChessCafe"]
[SourceDate "2015.04.21"]
[WhiteClock "0:11:06"]
[BlackClock "0:11:42"]

1. d4 Nf6 2. c4 g6 3. g3 c6 4. Nf3 d5 5. Qb3 dxc4 6. Qxc4 Bg7 7. Bg2 O-O 8. O-O
b5 9. Qc2 Bf5 10. Qd1 Qb6 11. Nc3 Rd8 12. Qb3 h6 13. Re1 Na6 14. e4 Be6 15. Qd1
Rac8 16. h3 b4 17. Nb1 Nc7 18. Qc2 Qa5 19. Bd2 Nb5 20. Qc5 Nd7 21. Qxb4 Qxb4
22. Bxb4 Nxd4 23. Nxd4 Bxd4 24. Nc3 c5 25. Ba5 Rf8 26. Nd5 Bxd5 27. exd5 Bxb2
28. Rab1 Bf6 29. Rb7 Ne5 30. Bc7 Nc4 1/2-1/2

[Event "Manchester March GM Norm"]
[Site "Manchester, NH"]
[Date "2016.03.04"]
[Round "5"]
[White "Lenderman, Aleksandr"]
[Black "Jha, Sriram"]
[Result "1-0"]
[WhiteElo "2623"]
[BlackElo "2430"]
[PlyCount "45"]
[EventDate "2016.03.02"]
[EventType "tourn"]
[EventRounds "10"]
[EventCountry "USA"]
[EventCategory "10"]
[Source "ChessCafe"]
[SourceDate "2015.04.21"]
[WhiteClock "0:47:48"]
[BlackClock "0:06:53"]

1. d4 Nf6 2. c4 c6 3. Bf4 d5 4. e3 e6 5. Nc3 Nbd7 6. Nf3 Be7 7. h3 O-O 8. a3 b6
9. cxd5 cxd5 10. Nb5 Ne8 11. Rc1 Bb7 12. Bd3 a6 13. Nc7 Ra7 14. Qa4 Ndf6 15.
O-O Nd6 16. Ne5 Qb8 17. Nc6 Bxc6 18. Qxc6 Rc8 19. Nxa6 Qa8 20. Qxa8 Raxa8 21.
Nc7 Ra5 22. Rc6 Nc4 23. Nxd5 1-0

[Event "Manchester March GM Norm"]
[Site "Manchester, NH"]
[Date "2016.03.04"]
[Round "5"]
[White "Shmelov, Denys"]
[Black "Perelshteyn, Eugene"]
[Result "0-1"]
[WhiteElo "2412"]
[BlackElo "2524"]
[PlyCount "70"]
[EventDate "2016.03.02"]
[EventType "tourn"]
[EventRounds "10"]
[EventCountry "USA"]
[EventCategory "10"]
[Source "ChessCafe"]
[SourceDate "2015.04.21"]
[WhiteClock "0:05:54"]
[BlackClock "0:06:09"]

1. d4 Nf6 2. c4 e6 3. Nc3 Bb4 4. Qc2 d6 5. Bg5 Nbd7 6. Nf3 h6 7. Bh4 c5 8. e3
b6 9. O-O-O Bxc3 10. Qxc3 Bb7 11. Bd3 O-O 12. Kb1 Rc8 13. d5 b5 14. e4 bxc4 15.
Bxc4 exd5 16. exd5 Qb6 17. a3 Rfe8 18. Rhe1 Rxe1 19. Nxe1 Ba6 20. Bxa6 Qxa6 21.
Bxf6 Nxf6 22. Nc2 Qa4 23. f3 Re8 24. Rd2 Re5 25. Ne3 Qf4 26. Nc4 Re1+ 27. Ka2
Qxh2 28. Qa5 Qf4 29. Qc3 h5 30. Rc2 Rd1 31. Qa5 Nxd5 32. Qxa7 Qf5 33. Nxd6 Qe6
34. Qb8+ Kh7 35. Nc4 Qa6 0-1

[Event "Manchester March GM Norm"]
[Site "Manchester, NH"]
[Date "2016.03.05"]
[Round "6"]
[White "Friedel, Josh"]
[Black "Jha, Sriram"]
[Result "1/2-1/2"]
[WhiteElo "2519"]
[BlackElo "2430"]
[PlyCount "54"]
[EventDate "2016.03.02"]
[EventType "tourn"]
[EventRounds "10"]
[EventCountry "USA"]
[EventCategory "10"]
[Source "ChessCafe"]
[SourceDate "2015.04.21"]
[WhiteClock "0:29:30"]
[BlackClock "0:38:34"]

1. d4 d5 2. c4 c6 3. Nf3 Nf6 4. Nc3 a6 5. g3 b5 6. c5 g6 7. Bg2 Bg7 8. O-O O-O
9. Ne5 Ng4 10. Nxg4 Bxg4 11. h3 Be6 12. Re1 f5 13. Bf4 Nd7 14. Qd2 Bf7 15. Bh6
Bxh6 16. Qxh6 e5 17. e3 Qf6 18. Ne2 Rfe8 19. h4 a5 20. Rac1 e4 21. Bh3 Nf8 22.
Kg2 Qg7 23. Qxg7+ Kxg7 24. Rh1 Be6 25. Nf4 Bd7 26. Rcg1 Ne6 27. Kf1 h5 1/2-1/2

[Event "Manchester March GM Norm"]
[Site "Manchester, NH"]
[Date "2016.03.05"]
[Round "6"]
[White "Perelshteyn, Eugene"]
[Black "Lenderman, Aleksandr"]
[Result "0-1"]
[WhiteElo "2524"]
[BlackElo "2623"]
[PlyCount "116"]
[EventDate "2016.03.02"]
[EventType "tourn"]
[EventRounds "10"]
[EventCountry "USA"]
[EventCategory "10"]
[Source "ChessCafe"]
[SourceDate "2015.04.21"]
[WhiteClock "0:54:45"]
[BlackClock "1:08:01"]

1. e4 e6 2. f4 d5 3. e5 c5 4. Nf3 Nc6 5. c3 Nh6 6. Na3 Be7 7. Nc2 O-O 8. d4
cxd4 9. cxd4 Qb6 10. Bd3 Bd7 11. O-O Rac8 12. Kh1 f6 13. exf6 Bxf6 14. Ne5 Be8
15. b3 Be7 16. Be3 Nf5 17. Bg1 Nb4 18. Nxb4 Qxb4 19. Bxf5 Rxf5 20. Rc1 Rxc1 21.
Qxc1 Rf8 22. Re1 Qa5 23. Re2 Ba3 24. Qc2 Qa6 25. Be3 Bd6 26. h3 Bxe5 27. fxe5
Bg6 28. Qd2 Rc8 29. Qe1 Bc2 30. Rf2 Qxa2 31. b4 Qb3 32. Kh2 Be4 33. Bg5 Qd3 34.
Qe3 Qxe3 35. Bxe3 Rc3 36. Bg5 h6 37. Bf4 Rb3 38. Bd2 Rd3 39. Be1 Rxd4 40. Ra2
a6 41. Bd2 Rd3 42. Rb2 d4 43. Kg1 Rg3 44. Bf4 Rc3 45. Bd2 Ra3 46. Kf2 Kf7 47.
Bc1 Ra1 48. Bf4 g5 49. Bg3 Rc1 50. h4 Kg6 51. hxg5 hxg5 52. Rd2 Rc4 53. Rb2 Kf5
54. Bh2 Kg4 55. Ke2 Bxg2 56. Kd3 Bf1+ 57. Ke4 d3+ 58. Ke3 Rc2 0-1

[Event "Manchester March GM Norm"]
[Site "Manchester, NH"]
[Date "2016.03.05"]
[Round "7"]
[White "Jha, Sriram"]
[Black "Perelshteyn, Eugene"]
[Result "0-1"]
[WhiteElo "2430"]
[BlackElo "2524"]
[PlyCount "102"]
[EventDate "2016.03.02"]
[EventType "tourn"]
[EventRounds "10"]
[EventCountry "USA"]
[EventCategory "10"]
[Source "ChessCafe"]
[SourceDate "2015.04.21"]
[WhiteClock "1:13:30"]
[BlackClock "0:45:17"]

1. d4 Nf6 2. c4 g6 3. g3 Bg7 4. Bg2 O-O 5. Nf3 d6 6. O-O c6 7. Nc3 Qb6 8. b3 e5
9. e3 Re8 10. Bb2 e4 11. Nd2 d5 12. f3 exf3 13. Qxf3 Be6 14. cxd5 cxd5 15. Na4
Qb4 16. Bc3 Qe7 17. Rae1 Nc6 18. Nc5 Bf5 19. e4 Nxe4 20. Ncxe4 dxe4 21. Nxe4
Nxd4 22. Qf2 Rad8 23. Kh1 h5 24. Qb2 b6 25. Nf2 Qf8 26. Rxe8 Qxe8 27. Re1 Qf8
28. Rd1 Ne6 29. Bxg7 Qxg7 30. Rxd8+ Nxd8 31. Qxg7+ Kxg7 32. Be4 Kf6 33. Kg2
Bxe4+ 34. Nxe4+ Ke5 35. Nc3 Nc6 36. Kf3 Kd4 37. Nb5+ Kd3 38. Kf4 f6 39. h4 a5
40. Nc7 Ne7 41. Kf3 Kc3 42. Na8 Nc8 43. Ke4 Kb2 44. Kd4 Kxa2 45. Kc3 b5 46. b4
a4 47. Nc7 Nd6 48. Kc2 Ka3 49. Nd5 Ne4 50. Nf4 Kxb4 51. Nxg6 Nxg3 0-1

[Event "Manchester March GM Norm"]
[Site "Manchester, NH"]
[Date "2016.03.05"]
[Round "7"]
[White "Friedel, Josh"]
[Black "Shmelov, Denys"]
[Result "1-0"]
[WhiteElo "2519"]
[BlackElo "2412"]
[PlyCount "87"]
[EventDate "2016.03.02"]
[EventType "tourn"]
[EventRounds "10"]
[EventCountry "USA"]
[EventCategory "10"]
[Source "ChessCafe"]
[SourceDate "2015.04.21"]
[WhiteClock "1:27:03"]
[BlackClock "1:32:34"]

1. c4 c6 2. d4 d5 3. Nf3 Nf6 4. Nc3 dxc4 5. a4 Bf5 6. Nh4 Bg4 7. h3 Bh5 8. g4
Bg6 9. Nxg6 hxg6 10. e4 e6 11. g5 Nh5 12. Bxc4 Be7 13. Rg1 Qd6 14. e5 Qd7 15.
a5 Na6 16. Be3 Nb4 17. Qb3 Kf8 18. Be2 Kg8 19. Ra4 Nd5 20. Nxd5 cxd5 21. Ra1
Rc8 22. h4 a6 23. f4 Rc6 24. Kf2 Kh7 25. Qd3 Kg8 26. Rgc1 Bb4 27. Rxc6 Qxc6 28.
Qb3 Be7 29. Rc1 Qd7 30. Qc2 Bd8 31. b4 Qe7 32. Qc5 Kh7 33. Qxe7 Bxe7 34. Bd2
Nxf4 35. Bxf4 Bxb4 36. Rc7 Rf8 37. Rxb7 Bxa5 38. Bxa6 Ra8 39. Bb5 Kg8 40. Bd7
Bc3 41. Be3 Ra2+ 42. Kf3 Ra8 43. Ke2 Ba5 44. h5 1-0

[Event "Manchester March GM Norm"]
[Site "Manchester, NH"]
[Date "2016.03.06"]
[Round "8"]
[White "Perelshteyn, Eugene"]
[Black "Friedel, Josh"]
[Result "0-1"]
[WhiteElo "2524"]
[BlackElo "2519"]
[PlyCount "96"]
[EventDate "2016.03.02"]
[EventType "tourn"]
[EventRounds "10"]
[EventCountry "USA"]
[EventCategory "10"]
[Source "ChessCafe"]
[SourceDate "2015.04.21"]
[WhiteClock "0:41:36"]
[BlackClock "1:08:27"]

1. e4 e5 2. Nf3 Nc6 3. Bb5 a6 4. Ba4 d6 5. c3 Bd7 6. O-O g6 7. d4 Bg7 8. h3 Nf6
9. dxe5 dxe5 10. Bc2 O-O 11. Bg5 h6 12. Bh4 Qe8 13. Nbd2 Nh5 14. Nc4 Be6 15.
Ne3 f5 16. exf5 gxf5 17. Re1 Nf4 18. Bb3 e4 19. Nd5 Bxd5 20. Bxd5+ Kh8 21. Bg3
Nxd5 22. Qxd5 Rd8 23. Qb3 f4 24. Bh4 Qg6 25. Nh2 Rd3 26. Kh1 Nd4 27. Qxb7 Nf5
28. Qxe4 Nxh4 29. Qxg6 Nxg6 30. Re6 Nh4 31. Rxa6 Rd2 32. Rf1 Rxb2 33. Rc6 Rf7
34. a4 Ra2 35. Rc4 Kh7 36. Ng4 h5 37. Nh2 Bf8 38. g3 Ng6 39. Nf3 Kh6 40. g4 Bd6
41. Rd4 hxg4 42. hxg4 Ne5 43. Nxe5 Bxe5 44. Rd5 Bxc3 45. Kg2 Rxa4 46. Rh1+ Kg6
47. Rhh5 Bf6 48. Rhf5 Be7 0-1

[Event "Manchester March GM Norm"]
[Site "Manchester, NH"]
[Date "2016.03.06"]
[Round "8"]
[White "Shmelov, Denys"]
[Black "Lenderman, Aleksandr"]
[Result "1/2-1/2"]
[WhiteElo "2412"]
[BlackElo "2623"]
[PlyCount "154"]
[EventDate "2016.03.02"]
[EventType "tourn"]
[EventRounds "10"]
[EventCountry "USA"]
[EventCategory "10"]
[Source "ChessCafe"]
[SourceDate "2015.04.21"]
[WhiteClock "0:27:13"]
[BlackClock "1:10:26"]

1. d4 Nf6 2. c4 e6 3. Nc3 d5 4. cxd5 exd5 5. Bg5 c6 6. Qc2 Be7 7. e3 Nbd7 8.
Bd3 Nh5 9. Bxe7 Qxe7 10. Nge2 Nb6 11. O-O-O Bd7 12. Kb1 O-O-O 13. h3 g6 14. Nc1
Ng7 15. Na4 Bf5 16. Ka1 Kb8 17. Nc5 Rhe8 18. Rhe1 Ka8 19. Qc3 Bxd3 20. N1xd3
Nf5 21. g3 Nd6 22. h4 Qc7 23. Qc2 Re7 24. b3 Rde8 25. Rc1 Qc8 26. Nf4 Nd7 27.
Nxd7 Qxd7 28. Nd3 f6 29. Rh1 Qg4 30. Qd1 Qe6 31. Qf3 Rf7 32. Nc5 Qe7 33. Rc2 h6
34. Rcc1 Ref8 35. Qe2 Rh8 36. Qf3 Rfh7 37. Rc2 Rc8 38. Rhc1 g5 39. Rh1 Rch8 40.
Rcc1 a6 41. Rc2 Ka7 42. Rcc1 Qf7 43. Qe2 Qe8 44. Qf3 Qg6 45. Qe2 Rc8 46. Qc2
Qxc2 47. Rxc2 Rch8 48. Rcc1 Nf5 49. Nd3 Nd6 50. Kb2 Ne4 51. Kc2 Kb6 52. Kd1 Kc7
53. Ke2 Kd6 54. Nc5 Nxc5 55. Rxc5 f5 56. Kf3 g4+ 57. Ke2 h5 58. Rhc1 Rc7 59. b4
Ra8 60. R1c2 Ra7 61. R5c3 Rc8 62. a4 b6 63. Rb3 Rcc7 64. Rbc3 Ra8 65. Kd3 a5
66. b5 c5 67. Rc1 Rac8 68. R3c2 Re7 69. Rc3 Re4 70. R3c2 c4+ 71. Kd2 Ke6 72.
Rg1 Kf6 73. Rc3 Re7 74. Rg2 Rg8 75. Ra3 Rge8 76. Rc3 Rg8 77. Ra3 Rge8 1/2-1/2

[Event "Manchester March GM Norm"]
[Site "Manchester, NH"]
[Date "2016.03.06"]
[Round "9"]
[White "Perelshteyn, Eugene"]
[Black "Shmelov, Denys"]
[Result "1-0"]
[WhiteElo "2524"]
[BlackElo "2412"]
[PlyCount "45"]
[EventDate "2016.03.02"]
[EventType "tourn"]
[EventRounds "10"]
[EventCountry "USA"]
[EventCategory "10"]
[Source "ChessCafe"]
[SourceDate "2015.04.21"]

1. e4 c6 2. d4 d5 3. exd5 cxd5 4. Bd3 Nc6 5. c3 Qc7 6. Ne2 Bg4 7. O-O Nf6 8. f3
Bd7 9. Re1 e5 10. dxe5 Nxe5 11. Bf4 Bd6 12. Bxe5 Bxe5 13. f4 Bd6 14. Nd4+ Kf8
15. g3 h5 16. h4 Bg4 17. Qc2 Nd7 18. Nd2 Nc5 19. Nf1 g5 20. hxg5 h4 21. Bf5
Bxf5 22. Qxf5 Kg8 23. Ne3 1-0

[Event "Manchester March GM Norm"]
[Site "Manchester, NH"]
[Date "2016.03.06"]
[Round "9"]
[White "Jha, Sriram"]
[Black "Lenderman, Aleksandr"]
[Result "1/2-1/2"]
[WhiteElo "2430"]
[BlackElo "2623"]
[PlyCount "119"]
[EventDate "2016.03.02"]
[EventType "tourn"]
[EventRounds "10"]
[EventCountry "USA"]
[EventCategory "10"]
[Source "ChessCafe"]
[SourceDate "2015.04.21"]
[WhiteClock "0:17:55"]
[BlackClock "0:10:36"]

1. d4 e6 2. c4 b6 3. a3 Bb7 4. Nc3 f5 5. d5 Nf6 6. g3 Na6 7. Bg2 Nc5 8. Nh3 Bd6
9. O-O O-O 10. Nb5 Be5 11. Bf4 d6 12. Bxe5 dxe5 13. b4 Nce4 14. f3 Nd6 15. Nxd6
Qxd6 16. e4 exd5 17. cxd5 Ba6 18. Re1 fxe4 19. fxe4 Bc8 20. Nf2 a5 21. Qd2 Bd7
22. Nd3 Bb5 23. Nf2 axb4 24. axb4 Bc4 25. Bf1 Rxa1 26. Rxa1 Bxf1 27. Rxf1 c6
28. Rd1 cxd5 29. exd5 Rd8 30. Qb2 Rd7 31. Re1 Re7 32. Nd3 e4 33. Nf4 g5 34. Ng2
Nxd5 35. Qd2 Re5 36. Qd4 Qe6 37. Ne3 Nxe3 38. Rxe3 Kf7 39. Qd1 Kg6 40. Qd4 b5
41. Kg2 h6 42. Kg1 Kf5 43. h3 h5 44. Qd1 Kg6 45. Qd4 Kf5 46. Qd1 Qb6 47. Kf2
Kg6 48. Qd7 Qf6+ 49. Ke2 Rf5 50. Qe8+ Kg7 51. Qxe4 Qb2+ 52. Ke1 Qa1+ 53. Ke2
Qa2+ 54. Ke1 Qf2+ 55. Kd1 Qf1+ 56. Kd2 Rf2+ 57. Re2 Kh6 58. h4 Rxe2+ 59. Qxe2
Qf5 60. Qe7 1/2-1/2

[Event "Manchester March GM Norm"]
[Site "Manchester, NH"]
[Date "2016.03.07"]
[Round "10"]
[White "Lenderman, Aleksandr"]
[Black "Friedel, Josh"]
[Result "1/2-1/2"]
[WhiteElo "2623"]
[BlackElo "2519"]
[PlyCount "52"]
[EventDate "2016.03.02"]
[EventType "tourn"]
[EventRounds "10"]
[EventCountry "USA"]
[EventCategory "10"]
[Source "ChessCafe"]
[SourceDate "2015.04.21"]
[WhiteClock "0:30:15"]
[BlackClock "0:45:13"]

1. d4 d5 2. Nf3 Nf6 3. g3 Bf5 4. Bg2 e6 5. c4 c6 6. Nc3 h6 7. Qb3 Qb6 8. c5 Qa6
9. Bf1 Be4 10. e3 Qa5 11. Qxb7 Bxf3 12. Qxa8 Qc7 13. Rg1 Bxc5 14. Ba6 O-O 15.
Qb7 Nxa6 16. Qxc7 Nxc7 17. dxc5 e5 18. Nb1 Ne4 19. Nd2 Nxd2 20. Bxd2 Ne6 21.
Bb4 Rb8 22. Ba3 Ng5 23. Kd2 Ne4+ 24. Kc2 h5 25. Rgf1 g5 26. b4 f6 1/2-1/2

[Event "Manchester March GM Norm"]
[Site "Manchester, NH"]
[Date "2016.03.07"]
[Round "10"]
[White "Shmelov, Denys"]
[Black "Jha, Sriram"]
[Result "1/2-1/2"]
[WhiteElo "2412"]
[BlackElo "2430"]
[PlyCount "61"]
[EventDate "2016.03.02"]
[EventType "tourn"]
[EventRounds "10"]
[EventCountry "USA"]
[EventCategory "10"]
[Source "ChessCafe"]
[SourceDate "2015.04.21"]
[WhiteClock "1:40:45"]
[BlackClock "1:41:51"]

1. d4 d5 2. c4 c6 3. cxd5 cxd5 4. Nc3 Nc6 5. Nf3 Nf6 6. Bf4 Bf5 7. e3 e6 8. Bd3
Bxd3 9. Qxd3 Bd6 10. Bxd6 Qxd6 11. O-O O-O 12. Rfc1 Rfc8 13. Nd2 Nd7 14. a3 a6
15. Ne2 Ne7 16. Rxc8+ Rxc8 17. Rc1 Rxc1+ 18. Nxc1 h6 19. Qc3 Qc6 20. Ne2 Qxc3
21. Nxc3 Nc6 22. Kf1 Kf8 23. Ke2 Ke7 24. Kd3 Kd6 25. f3 f6 26. b3 b6 27. g4 g5
28. Nf1 Nf8 29. Ng3 Ng6 30. Nh5 Ke7 31. Ng3 1/2-1/2